| 000 | 00779cam a2200193 4500 | ||
|---|---|---|---|
| 001 | WB3722-17 | ||
| 008 | 000000n2001 000 0 eng u | ||
| 035 | _a(Sirsi) u112967 | ||
| 245 | _aIntroductory fee practice put at risk | ||
| 260 | _c2001 | ||
| 490 |
_aEstates Gazette _v(0122) 2 June 2001, 41(1) |
||
| 520 | _aThe long standing practice of agents' charging fees has been thrown into doubt by a court judgment where Berkeley Simmons Davis lost its legal battle to recover £6,000 from Fat Cat Cafe Bars. With short guide as to the rights and wrongs of introductory fees. | ||
| 590 | _aWB | ||
| 650 | _aINTRODUCTORY FEES | ||
| 650 | _aBERKELEY SIMMONS DAVIS V FAT CAT CAFE BARS | ||
| 650 | _aAGENTS AND CLIENTS | ||
| 690 |
_aPROPERTY MANAGEMENT _96262 |
||
| 942 | _n0 | ||
| 999 |
_c67252 _d67252 |
||